Statistics for 15 Best Countries in Production of Grapes

Click here to take the quiz!

General Stats

  • This quiz has been taken 42 times
  • The average score is 11 of 15

Answer Stats

AmountAnswer% Correct
8,201,858Italy
100%
6,373,113Spain
100%
5,868,620France
97%
6,888,338United States of America
97%
14,019,797China
91%
2,358,902Argentina
83%
2,379,212Chile
77%
1,626,481Brazil
74%
3,033,924India
74%
1,716,087Australia
71%
4,000,364Turkey
66%
1,960,160South Africa
57%
1,919,130Iran
46%
1,769,818Egypt
40%
1,673,190Uzbekistan
11%

Score Distribution

Percentile by Number Answered

Percent of People with Each Score

Your Score History

You have not taken this quiz